[Event "Aimchess US Rapid Prelim"]
[Site "chess24.com INT"]
[Date "2021.08.28"]
[Round "1.1"]
[White "Dominguez Perez, Leinier"]
[Black "Duda, Jan-Krzysztof"]
[Result "1-0"]
[WhiteTitle "GM"]
[BlackTitle "GM"]
[WhiteElo "2758"]
[BlackElo "2738"]
[WhiteFideId "3503240"]
[BlackFideId "1170546"]
[EventDate "2021.08.28"]

1. e4 c5 2. Nf3 d6 3. d4 cxd4 4. Nxd4 Nf6 5. Nc3 a6 6. Be3 Ng4 7. Bc1 Nc6 8. Be2
Qb6 9. Bxg4 Qxd4 10. Qe2 Ne5 11. Bxc8 Rxc8 12. O-O e6 13. Rd1 Qc4 14. Qxc4 Rxc4
15. a4 Be7 16. f3 g5 17. Be3 Kd7 18. a5 g4 19. Kf2 Rg8 20. Bf4 Ng6 21. Be3 gxf3
22. gxf3 Bh4+ 23. Ke2 Bf6 24. Ra3 Rb4 25. Rb3 Rxb3 26. cxb3 Be5 27. Na4 Nf4+ 28.
Kf1 Ng2 29. Bf2 Bf4 30. Rd3 Bxh2 31. Rc3 d5 32. Nb6+ Ke7 33. Bc5+ Kd8 34. Rc2
Bd6 35. Bd4 Rg6 36. Rxg2 Rxg2 37. Kxg2 dxe4 38. fxe4 f5 39. Nc4 Bf8 40. exf5
exf5 41. Ne3 f4 42. Nd5 Kd7 43. Kf3 Kc6 44. Nxf4 Bb4 45. Bc3 Kb5 46. Ke4 Bxa5
47. Kd5 Bb6 48. Ne6 a5 49. Nd4+ Ka6 50. Nf5 Bf2 51. Kc4 b5+ 52. Kd5 Kb6 53. Bf6
a4 54. b4 Be1 55. Bd4+ Ka6 56. Kc5 h5 57. Bf6 Bf2+ 58. Kc6 Be1 59. Be7 Bf2 60.
Bc5 Be1 61. Nd4 h4 62. Nxb5 Bg3 63. Na3 1-0

[Event "Aimchess US Rapid Prelim"]
[Site "chess24.com INT"]
[Date "2021.08.28"]
[Round "1.2"]
[White "Mamedyarov, Shakhriyar"]
[Black "Vachier-Lagrave, Maxime"]
[Result "1/2-1/2"]
[WhiteTitle "GM"]
[BlackTitle "GM"]
[WhiteElo "2782"]
[BlackElo "2751"]
[WhiteFideId "13401319"]
[BlackFideId "623539"]
[EventDate "2021.08.28"]

1. d4 Nf6 2. c4 g6 3. g3 c6 4. Bg2 d5 5. cxd5 cxd5 6. Nc3 Bg7 7. Nf3 Ne4 8. Ne5
Nxc3 9. bxc3 Nc6 10. Nxc6 bxc6 11. O-O O-O 12. Qa4 Qb6 13. Ba3 Qa6 14. Qxa6 Bxa6
15. Rfb1 Rfb8 16. Bxe7 Bxe2 17. Bf1 Bxf1 18. Kxf1 Bf8 19. Bxf8 Kxf8 20. Ke2 Ke7
21. Kd3 Kd6 22. Rb3 Rb6 23. Rab1 Rab8 24. h4 h5 25. R1b2 Rxb3 26. axb3 a5 27.
Kc2 Re8 28. Kd2 Rb8 29. Kc2 Re8 30. Kd2 Rb8 31. Kc2 1/2-1/2

[Event "Aimchess US Rapid Prelim"]
[Site "chess24.com INT"]
[Date "2021.08.28"]
[Round "1.4"]
[White "Giri, Anish"]
[Black "Naroditsky, Daniel"]
[Result "1/2-1/2"]
[WhiteTitle "GM"]
[BlackTitle "GM"]
[WhiteElo "2776"]
[BlackElo "2623"]
[WhiteFideId "24116068"]
[BlackFideId "2026961"]
[EventDate "2021.08.28"]

1. d4 Nf6 2. c4 g6 3. Nc3 Bg7 4. e4 d6 5. Nf3 O-O 6. Be2 e5 7. O-O exd4 8. Nxd4
Re8 9. f3 Nc6 10. Be3 Nh5 11. Nc2 f5 12. Qd2 Nf6 13. Bg5 Ne5 14. exf5 Bxf5 15.
Ne3 Be6 16. Ned5 Nf7 17. Bh4 Bxd5 18. cxd5 Ne4 19. Nxe4 Qxh4 20. g3 Qh6 21. Qxh6
Nxh6 22. Rac1 Re7 23. b3 Nf5 24. Bd3 Bb2 25. Rb1 Bd4+ 26. Kh1 h6 27. Rfe1 Kg7
28. Nd2 Rae8 29. Rxe7+ Rxe7 30. Be4 a5 31. Nc4 b6 32. Kg2 Ne3+ 33. Nxe3 Bxe3 34.
Re1 Bc5 35. f4 Kf6 36. h4 h5 37. Re2 b5 38. Kf3 b4 39. Rg2 Rh7 40. Bd3 Re7 41.
Be4 Rh7 42. Bd3 Re7 43. Be4 1/2-1/2

[Event "Aimchess US Rapid Prelim"]
[Site "chess24.com INT"]
[Date "2021.08.28"]
[Round "1.6"]
[White "Aronian, Levon"]
[Black "Le, Quang Liem"]
[Result "1-0"]
[WhiteTitle "GM"]
[BlackTitle "GM"]
[WhiteElo "2782"]
[BlackElo "2709"]
[WhiteFideId "13300474"]
[BlackFideId "12401137"]
[EventDate "2021.08.28"]

1. e4 e5 2. Nf3 Nc6 3. Bb5 a6 4. Ba4 Nf6 5. O-O Bc5 6. c3 b5 7. Bc2 d5 8. a4
dxe4 9. axb5 Bg4 10. bxc6 exf3 11. gxf3 Bh3 12. Re1 O-O 13. Ra5 Qd6 14. b4 Bxf2+
15. Kxf2 e4 16. Kg1 Rae8 17. Re3 Nh5 18. f4 Nxf4 19. Rg5 f5 20. Rgg3 Bg4 21. Qe1
Nh5 22. d4 Nxg3 23. Rxg3 Bf3 24. Nd2 f4 25. Rg5 Qf6 26. h4 h6 27. Nxf3 hxg5 28.
Bb3+ Kh7 29. hxg5 Qf5 30. Qh4+ Kg6 31. Bc2 Re6 32. c4 Kf7 33. d5 Rg6 34. Qxf4
Qxf4 35. Bxf4 exf3 36. Bxg6+ Kxg6 37. Bxc7 f2+ 38. Kf1 Kf5 39. d6 Ke4 40. d7 1-0

[Event "Aimchess US Rapid Prelim"]
[Site "chess24.com INT"]
[Date "2021.08.28"]
[Round "1.7"]
[White "Van Foreest, Jorden"]
[Black "Vidit, Santosh Gujrathi"]
[Result "0-1"]
[WhiteTitle "GM"]
[BlackTitle "GM"]
[WhiteElo "2698"]
[BlackElo "2726"]
[WhiteFideId "1039784"]
[BlackFideId "5029465"]
[EventDate "2021.08.28"]

1. d4 Nf6 2. c4 e6 3. Nc3 Bb4 4. g3 O-O 5. Bg2 d5 6. Nf3 dxc4 7. O-O Nc6 8. a3
Be7 9. e4 Na5 10. Be3 a6 11. Qc2 b5 12. Rad1 c6 13. d5 exd5 14. exd5 Nxd5 15.
Nxd5 cxd5 16. Ng5 Bxg5 17. Rxd5 Qe8 18. Rxg5 f6 19. Rxg7+ Kxg7 20. Bxa8 Bh3 21.
Rd1 Qxa8 22. f3 Qxf3 23. Re1 Nc6 0-1

[Event "Aimchess US Rapid Prelim"]
[Site "chess24.com INT"]
[Date "2021.08.28"]
[Round "1.8"]
[White "Carlsen, Magnus"]
[Black "So, Wesley"]
[Result "1-0"]
[WhiteTitle "GM"]
[BlackTitle "GM"]
[WhiteElo "2847"]
[BlackElo "2772"]
[WhiteFideId "1503014"]
[BlackFideId "5202213"]
[EventDate "2021.08.28"]

1. d4 Nf6 2. c4 e6 3. Bf4 d5 4. cxd5 Nxd5 5. Bg3 c5 6. e4 Nf6 7. Nd2 Nc6 8. e5
Nd7 9. Ngf3 cxd4 10. Bc4 Be7 11. O-O O-O 12. Rc1 Nc5 13. a3 a5 14. Nb3 b6 15.
Nbxd4 Nxd4 16. Nxd4 Bb7 17. Nb5 Ne4 18. Nd6 Qb8 19. Qd4 b5 20. Bxb5 Nxg3 21.
hxg3 Bd5 22. Bc6 Bxd6 23. exd6 Ra6 24. Bxd5 Rxd6 25. Rc5 Rxd5 26. Rxd5 exd5 27.
Qxd5 Qxb2 28. Qxa5 g6 29. Qb4 Qf6 30. a4 Rc8 31. a5 h5 32. Qa4 Rc6 33. Qa1 Kg7
34. Rb1 Qxa1 35. Rxa1 Ra6 36. f3 Kf6 37. Kf2 Ke5 38. Ke3 Kd5 39. Kf4 f6 40. g4
hxg4 41. Kxg4 Ke5 42. f4+ Ke6 43. Ra2 Ke7 44. Kf3 Kd6 45. Ke4 Ke6 46. Ra1 Kd6
47. f5 gxf5+ 48. Kxf5 Ke7 49. Kg6 Ke6 50. Re1+ Kd7 51. g4 Kd8 52. Kf7 Rd6 53.
Re4 Rc6 54. Rd4+ Kc8 55. Rf4 1-0

[Event "Aimchess US Rapid Prelim"]
[Site "chess24.com INT"]
[Date "2021.08.28"]
[Round "2.1"]
[White "Duda, Jan-Krzysztof"]
[Black "So, Wesley"]
[Result "0-1"]
[WhiteTitle "GM"]
[BlackTitle "GM"]
[WhiteElo "2738"]
[BlackElo "2772"]
[WhiteFideId "1170546"]
[BlackFideId "5202213"]
[EventDate "2021.08.28"]

1. e4 e5 2. Nf3 Nc6 3. Nc3 Nf6 4. Bb5 Nd4 5. O-O c6 6. Bc4 d6 7. h3 b5 8. Bd3
Nxf3+ 9. Qxf3 g5 10. Be2 g4 11. hxg4 Bxg4 12. Qe3 b4 13. Bxg4 Nxg4 14. Qh3 Nf6
15. Ne2 Nxe4 16. d4 Qd7 17. Qf3 f5 18. a3 bxa3 19. Rd1 Bg7 20. Qxa3 exd4 21. f3
Nc5 22. Nxd4 O-O 23. Bf4 Rfd8 24. Rd2 Ne6 25. Nxe6 Qxe6 26. c3 d5 27. Qa6 d4 28.
Re2 Qd5 29. Kh2 d3 30. Re7 Re8 31. Rae1 Rxe7 32. Rxe7 Bf6 33. Re1 d2 34. Rd1 Be5
35. Qa4 Qb5 36. Qa2+ Kh8 0-1

[Event "Aimchess US Rapid Prelim"]
[Site "chess24.com INT"]
[Date "2021.08.28"]
[Round "2.2"]
[White "Vidit, Santosh Gujrathi"]
[Black "Carlsen, Magnus"]
[Result "1/2-1/2"]
[WhiteTitle "GM"]
[BlackTitle "GM"]
[WhiteElo "2726"]
[BlackElo "2847"]
[WhiteFideId "5029465"]
[BlackFideId "1503014"]
[EventDate "2021.08.28"]

1. d4 f5 2. g3 Nf6 3. Bg2 g6 4. c4 Bg7 5. Nc3 d6 6. Nf3 O-O 7. O-O a5 8. d5 Na6
9. Be3 Bd7 10. Rc1 c5 11. Qd2 Nc7 12. a4 Nce8 13. b3 Qb6 14. Rb1 Qb4 15. Qc1 Ng4
16. Bd2 Qb6 17. h3 Ne5 18. Ng5 Nc7 19. f4 Nf7 20. Nxf7 Rxf7 21. e4 Re8 22. Re1
e5 23. dxe6 Nxe6 24. exf5 gxf5 25. Nd5 Qd8 26. Bc3 Bc6 27. Kf2 Bd4+ 28. Bxd4
Nxd4 29. Qc3 Kg7 30. Rxe8 Qxe8 31. Re1 Qd8 32. Ne3 Qf6 33. Nc2 Nxc2 34. Qxc2
Qd4+ 35. Kf1 h5 36. h4 Qf6 37. Qd2 Bxg2+ 38. Kxg2 Re7 39. Qxa5 Qb2+ 40. Kf1
Rxe1+ 41. Qxe1 Qxb3 42. Qe7+ Kg8 43. Qe8+ Kg7 44. Qe7+ Kg8 45. Qg5+ Kh8 46.
Qxh5+ Kg7 47. Qg5+ Kh8 48. Qh6+ Kg8 49. Qe6+ Kh8 50. Qf6+ Kg8 51. Qxf5 Qf3+ 52.
Ke1 Qxg3+ 53. Kd2 Qf2+ 54. Kc3 Qe1+ 55. Kc2 Qe2+ 56. Kc3 Qe1+ 57. Kc2 Qe2+ 58.
Kc3 Qe1+ 1/2-1/2

[Event "Aimchess US Rapid Prelim"]
[Site "chess24.com INT"]
[Date "2021.08.28"]
[Round "2.3"]
[White "Le, Quang Liem"]
[Black "Van Foreest, Jorden"]
[Result "1/2-1/2"]
[WhiteTitle "GM"]
[BlackTitle "GM"]
[WhiteElo "2709"]
[BlackElo "2698"]
[WhiteFideId "12401137"]
[BlackFideId "1039784"]
[EventDate "2021.08.28"]

1. e4 e5 2. Nf3 Nc6 3. Bb5 Nf6 4. d3 Bc5 5. Bxc6 dxc6 6. Nbd2 Nd7 7. Nc4 f6 8.
O-O Nf8 9. Be3 Bxe3 10. Nxe3 Ne6 11. Kh1 O-O 12. Ng1 a5 13. a4 b6 14. Ne2 c5 15.
b3 Bb7 16. Qe1 Nd4 17. f4 exf4 18. Rxf4 Nxc2 19. Nxc2 Qxd3 20. Na3 Qxb3 21. Nb5
Rf7 22. Qd1 Qxd1+ 23. Rxd1 g5 24. Rf2 Bxe4 25. Nec3 Bc6 26. Re2 Kf8 27. Re6 Bd7
28. Ree1 Bc6 29. Re6 Bd7 30. Ree1 Bc6 31. Kg1 Re8 32. Kf2 Rxe1 33. Rxe1 Re7 34.
Rxe7 Kxe7 35. Nxc7 Kd6 36. N7b5+ Ke5 37. g3 f5 38. Ke3 f4+ 39. gxf4+ gxf4+ 40.
Kd3 Be8 41. Na3 Bg6+ 42. Kd2 Bf7 43. Nc2 Bd5 44. Ne1 Bc6 45. Nd3+ Kf5 46. Ke2 c4
47. Nb2 Ke5 48. Kd2 Bd5 49. Nxd5 Kxd5 50. Kc3 Kc5 51. Nxc4 b5 52. axb5 Kxb5 53.
Ne5 a4 54. h4 h5 55. Kb2 Kb6 56. Kc3 Kb5 57. Kc2 Kb6 58. Kc3 Kb5 59. Kc2 Kb6 60.
Kc3 1/2-1/2

[Event "Aimchess US Rapid Prelim"]
[Site "chess24.com INT"]
[Date "2021.08.28"]
[Round "2.7"]
[White "Vachier-Lagrave, Maxime"]
[Black "Artemiev, Vladislav"]
[Result "0-1"]
[WhiteTitle "GM"]
[BlackTitle "GM"]
[WhiteElo "2751"]
[BlackElo "2704"]
[WhiteFideId "623539"]
[BlackFideId "24101605"]
[EventDate "2021.08.28"]

1. e4 c6 2. d4 d5 3. e5 Bf5 4. Nf3 e6 5. Be2 c5 6. Be3 cxd4 7. Nxd4 Ne7 8. Nd2
Nbc6 9. N2f3 Bg4 10. O-O g6 11. Nxc6 Nxc6 12. c4 dxc4 13. Qa4 Qa5 14. Qxc4 Bxf3
15. Bxf3 Nxe5 16. Qe4 Bg7 17. Qxb7 Nxf3+ 18. Qxf3 O-O 19. Rad1 Rad8 20. Qb7 Rb8
21. Qxa7 Qxa7 22. Bxa7 Rxb2 23. Bd4 Rxa2 24. Bxg7 Kxg7 25. Ra1 Rd2 26. Rfd1 Rd5
27. g3 Rfd8 28. Rdc1 Rd2 29. Rc3 g5 30. h3 h5 31. Rac1 R8d4 32. R3c2 Rxc2 33.
Rxc2 f5 34. Kg2 Kf6 35. Rc8 h4 36. gxh4 gxh4 37. Rf8+ Kg7 38. Re8 Kf7 39. Ra8
Ke7 40. Rh8 Kd6 41. Ra8 Rb4 42. Ra6+ Kd5 43. Kf3 Rb3+ 44. Kg2 Rb4 45. Kf3 e5 46.
Rh6 e4+ 47. Kg2 Rb2 48. Rh5 Ke5 49. Rh8 Ra2 50. Rb8 Kf4 51. Rb3 Rd2 52. Ra3 Ke5
53. Ra5+ Rd5 54. Ra8 f4 55. Ra3 Rd2 56. Kf1 Rd3 57. Ra5+ Rd5 58. Ra8 Rb5 59.
Re8+ Kd4 60. Rd8+ Rd5 61. Ra8 f3 62. Ra3 Rb5 63. Kg1 Rc5 64. Ra1 Kd3 65. Ra3+
Rc3 66. Ra1 Kd2 67. Ra2+ Rc2 68. Ra3 Rc1+ 69. Kh2 Rc3 70. Ra4 Kd3 71. Ra1 Kd2
72. Ra4 e3 73. fxe3 Kxe3 74. Ra1 Rd3 75. Kg1 Rd2 76. Ra3+ Ke2 77. Ra1 Rb2 78.
Rc1 Rb3 79. Rc2+ Ke3 80. Ra2 Rb1+ 81. Kh2 Rd1 82. Ra3+ Rd3 83. Ra1 Ke2 84. Kg1
f2+ 85. Kg2 Rg3+ 0-1

[Event "Aimchess US Rapid Prelim"]
[Site "chess24.com INT"]
[Date "2021.08.28"]
[Round "2.8"]
[White "Dominguez Perez, Leinier"]
[Black "Mamedyarov, Shakhriyar"]
[Result "0-1"]
[WhiteTitle "GM"]
[BlackTitle "GM"]
[WhiteElo "2758"]
[BlackElo "2782"]
[WhiteFideId "3503240"]
[BlackFideId "13401319"]
[EventDate "2021.08.28"]

1. e4 e5 2. Nf3 Nc6 3. Bb5 Nf6 4. O-O Nxe4 5. d4 Nd6 6. Bxc6 dxc6 7. dxe5 Nf5 8.
Qxd8+ Kxd8 9. Rd1+ Ke8 10. Nc3 Be7 11. g4 Nh4 12. Nxh4 Bxh4 13. Kg2 f6 14. exf6
Bxf6 15. f3 Bxc3 16. bxc3 Be6 17. Bf4 Rc8 18. Be5 Kf7 19. Kg3 Rhd8 20. Rd4 Rd5
21. f4 g6 22. Rxd5 Bxd5 23. Kh4 h6 24. a3 Re8 25. Re1 b5 26. Re3 c5 27. Rh3 g5+
28. Kh5 Rxe5 29. fxe5 Kg7 30. e6 Be4 0-1

[Event "Aimchess US Rapid Prelim"]
[Site "chess24.com INT"]
[Date "2021.08.28"]
[Round "3.1"]
[White "Mamedyarov, Shakhriyar"]
[Black "Duda, Jan-Krzysztof"]
[Result "1/2-1/2"]
[WhiteTitle "GM"]
[BlackTitle "GM"]
[WhiteElo "2782"]
[BlackElo "2738"]
[WhiteFideId "13401319"]
[BlackFideId "1170546"]
[EventDate "2021.08.28"]

1. d4 d5 2. c4 e6 3. Nc3 Nf6 4. cxd5 exd5 5. Bg5 c6 6. e3 Be7 7. Bd3 Nbd7 8. h3
O-O 9. Qc2 h6 10. Bf4 c5 11. Nf3 a6 12. g4 cxd4 13. exd4 b5 14. g5 Nh5 15. Be3
hxg5 16. Rg1 Nf4 17. h4 Nxd3+ 18. Qxd3 b4 19. Nxd5 Bb7 20. Nxg5 Bxg5 21. Rxg5
Rc8 22. Kd2 Ne5 23. Rxe5 Bxd5 24. Rg1 Rc7 25. Qf5 Be6 26. Qf4 b3 27. Qh6 f6 28.
Rxe6 bxa2 29. Rxa6 Qb8 30. Rxa2 Qb3 31. Ke2 Qxa2 32. Qf4 Qxb2+ 33. Kf3 Qb7+ 34.
Qe4 Qxe4+ 35. Kxe4 Re8+ 36. Kf3 Kf7 37. Rb1 Rd7 38. Rb5 Red8 39. Ke4 Ke6 40.
Rb6+ Kf7 41. Rb5 Rh8 42. h5 Re8+ 43. Kf3 Red8 44. Ke4 Ra8 45. Rc5 Ra1 46. Rb5
Rh1 47. Kf3 Ke6 48. Kg2 Ra1 49. Rb6+ Kf5 50. Kf3 Ra5 51. Rb8 Ke6 52. Rh8 Rad5
53. h6 g6 54. h7 Kf5 55. Ke2 Rf7 56. Kd3 Rdd7 57. Ra8 Rxh7 58. Ra5+ Ke6 59. Ke4
Rh4+ 60. Kf3 Rd5 61. Ra6+ Kf5 62. Kg3 g5 63. Ra8 Rg4+ 64. Kf3 Rg1 65. Ke2 Rh1
66. Kd3 Rh7 67. Ra6 Rhd7 68. Ke2 R7d6 69. Ra1 Ke4 70. Rg1 Ra6 71. Rg4+ Kf5 72.
Kf3 Ra3 73. Re4 Ra6 74. Re8 Re6 75. Rg8 Re7 76. Ra8 Kg6 77. Ra6 Red7 78. Ra8
R5d6 79. Rg8+ Rg7 80. Ra8 f5 81. Rc8 Rd5 82. Rc6+ Kh5 83. Rc8 f4 84. Bc1 Rxd4
85. Rh8+ Kg6 86. Bb2 Rd3+ 87. Kg4 Rb7 88. Rg8+ Kh7 89. Rh8+ Kg6 90. Rg8+ Kh6 91.
Rh8+ Rh7 92. Rxh7+ Kxh7 93. Kxg5 f3 94. Bc1 Rc3 95. Bd2 Ra3 96. Kf4 Ra2 97. Be3
Rxf2 98. Bxf2 Kg6 99. Kxf3 1/2-1/2

[Event "Aimchess US Rapid Prelim"]
[Site "chess24.com INT"]
[Date "2021.08.28"]
[Round "3.2"]
[White "Artemiev, Vladislav"]
[Black "Dominguez Perez, Leinier"]
[Result "1/2-1/2"]
[WhiteTitle "GM"]
[BlackTitle "GM"]
[WhiteElo "2704"]
[BlackElo "2758"]
[WhiteFideId "24101605"]
[BlackFideId "3503240"]
[EventDate "2021.08.28"]

1. Nf3 Nf6 2. g3 c5 3. Bg2 Nc6 4. c4 d5 5. cxd5 Nxd5 6. Nc3 g6 7. Qb3 e6 8. O-O
Bg7 9. Qb5 Qb6 10. Qc4 Qb4 11. Qxb4 Ndxb4 12. Ne4 b6 13. Nd6+ Ke7 14. Nxc8+
Raxc8 15. d3 Rhd8 16. Bg5+ Bf6 17. Bxf6+ Kxf6 18. Rfc1 Nd4 19. Nxd4 cxd4 20. a3
Nd5 21. Kf1 Ke5 22. Ke1 Kd6 23. Kd2 Rc5 24. Rc4 Rdc8 25. b3 e5 26. Bxd5 Kxd5 27.
a4 a6 28. e3 dxe3+ 29. fxe3 f5 30. e4+ fxe4 31. dxe4+ Ke6 32. Rxc5 Rxc5 33. Rf1
Rc8 34. Rf3 Rd8+ 35. Rd3 Rxd3+ 36. Kxd3 Kd6 37. Kc4 Kc6 38. b4 b5+ 39. axb5+
axb5+ 40. Kd3 Kd6 41. Ke3 Ke6 42. Kf3 Kf6 43. Kg4 h6 44. h4 h5+ 45. Kf3 1/2-1/2

[Event "Aimchess US Rapid Prelim"]
[Site "chess24.com INT"]
[Date "2021.08.28"]
[Round "3.3"]
[White "Giri, Anish"]
[Black "Vachier-Lagrave, Maxime"]
[Result "1/2-1/2"]
[WhiteTitle "GM"]
[BlackTitle "GM"]
[WhiteElo "2776"]
[BlackElo "2751"]
[WhiteFideId "24116068"]
[BlackFideId "623539"]
[EventDate "2021.08.28"]

1. Nf3 c5 2. c4 Nf6 3. Nc3 d5 4. cxd5 Nxd5 5. e4 Nb4 6. Bc4 Nd3+ 7. Ke2 Nf4+ 8.
Kf1 Ne6 9. h4 Nd4 10. Nb5 Be6 11. d3 Bxc4 12. dxc4 Nxf3 13. Qxd8+ Kxd8 14. gxf3
a6 15. Nc3 e6 16. h5 Bd6 17. Be3 Kc7 18. f4 Nc6 19. e5 Be7 20. Ne4 b6 21. Ke2
Rad8 22. Rad1 Rxd1 23. Rxd1 Rd8 24. Rg1 g6 25. Rh1 Kd7 26. hxg6 hxg6 27. Rh7 Ke8
28. Rh8+ Kd7 29. Rh7 Ke8 30. Rh8+ Kd7 31. Rh7 1/2-1/2

[Event "Aimchess US Rapid Prelim"]
[Site "chess24.com INT"]
[Date "2021.08.28"]
[Round "3.5"]
[White "Aronian, Levon"]
[Black "Naroditsky, Daniel"]
[Result "1/2-1/2"]
[WhiteTitle "GM"]
[BlackTitle "GM"]
[WhiteElo "2782"]
[BlackElo "2623"]
[WhiteFideId "13300474"]
[BlackFideId "2026961"]
[EventDate "2021.08.28"]

1. d4 Nf6 2. c4 g6 3. Nc3 Bg7 4. e4 d6 5. Be2 O-O 6. Be3 Nc6 7. d5 Ne5 8. f4
Neg4 9. Bd2 Nh6 10. h3 e6 11. g4 exd5 12. exd5 Re8 13. Kf1 c6 14. Nf3 Nfxg4 15.
hxg4 Bxg4 16. Ng5 Bxc3 17. Bxc3 Bxe2+ 18. Qxe2 Rxe2 19. Rxh6 Rc2 20. Rxh7 f6 21.
Rh6 Kg7 22. Rh7+ Kg8 23. Rh6 Kg7 24. Rh7+ Kg8 1/2-1/2

[Event "Aimchess US Rapid Prelim"]
[Site "chess24.com INT"]
[Date "2021.08.28"]
[Round "3.7"]
[White "Carlsen, Magnus"]
[Black "Le, Quang Liem"]
[Result "1-0"]
[WhiteTitle "GM"]
[BlackTitle "GM"]
[WhiteElo "2847"]
[BlackElo "2709"]
[WhiteFideId "1503014"]
[BlackFideId "12401137"]
[EventDate "2021.08.28"]

1. e4 e5 2. Nf3 Nc6 3. Bb5 a6 4. Ba4 Nf6 5. O-O Be7 6. Re1 b5 7. Bb3 d6 8. c3
O-O 9. a3 h6 10. d4 Re8 11. Nbd2 Bf8 12. Bc2 Bg4 13. h3 Bh5 14. d5 Nb8 15. a4
Nbd7 16. Qe2 Rb8 17. Nb3 c6 18. dxc6 Nc5 19. axb5 axb5 20. Nxc5 dxc5 21. g4 Bg6
22. c4 bxc4 23. Bd2 Qc8 24. Bc3 Bd6 25. Nh4 Kh7 26. Qxc4 Re7 27. Red1 Qxc6 28.
Nxg6 fxg6 29. Ra6 Rb6 30. Ba4 Rxa6 31. Bxc6 Rxc6 32. b4 Rb7 33. b5 Rcb6 34. Kg2
Bb8 35. Rb1 Ne8 36. Qxc5 Nd6 37. Qxe5 Nxb5 38. Qc5 Bd6 39. Qe3 g5 40. e5 Nxc3
41. Rxb6 Rxb6 42. Qd3+ Kh8 43. exd6 1-0

[Event "Aimchess US Rapid Prelim"]
[Site "chess24.com INT"]
[Date "2021.08.28"]
[Round "3.8"]
[White "So, Wesley"]
[Black "Vidit, Santosh Gujrathi"]
[Result "1-0"]
[WhiteTitle "GM"]
[BlackTitle "GM"]
[WhiteElo "2772"]
[BlackElo "2726"]
[WhiteFideId "5202213"]
[BlackFideId "5029465"]
[EventDate "2021.08.28"]

1. e4 e5 2. Nf3 Nf6 3. Nxe5 d6 4. Nf3 Nxe4 5. d4 d5 6. Bd3 Bd6 7. O-O O-O 8. c4
c6 9. cxd5 cxd5 10. Nc3 Nxc3 11. bxc3 Nd7 12. Re1 Re8 13. Rxe8+ Qxe8 14. Qb3 Nb6
15. Ba3 Bxa3 16. Qxa3 Bg4 17. Ne5 Be6 18. Re1 Qf8 19. Qb3 Re8 20. a4 f6 21. Nf3
Qf7 22. a5 Nc4 23. Bxc4 dxc4 24. Qb5 Rc8 25. Nd2 Bd5 26. Nf1 Bc6 27. Qf5 Bd7 28.
Qf4 Qd5 29. Re7 Be8 30. Qg4 1-0

[Event "Aimchess US Rapid Prelim"]
[Site "chess24.com INT"]
[Date "2021.08.28"]
[Round "4.1"]
[White "Duda, Jan-Krzysztof"]
[Black "Vidit, Santosh Gujrathi"]
[Result "1/2-1/2"]
[WhiteTitle "GM"]
[BlackTitle "GM"]
[WhiteElo "2738"]
[BlackElo "2726"]
[WhiteFideId "1170546"]
[BlackFideId "5029465"]
[EventDate "2021.08.28"]

1. Nf3 Nf6 2. g3 c5 3. Bg2 Nc6 4. O-O e5 5. d3 d5 6. e4 d4 7. a4 Be7 8. Na3 Bg4
9. Qe1 Nd7 10. Kh1 h5 11. h3 Be6 12. Nd2 g5 13. f4 gxf4 14. gxf4 exf4 15. Ndc4
f3 16. Rxf3 Nde5 17. Nxe5 Nxe5 18. Rf5 Ng6 19. Qg3 Bd6 20. e5 h4 21. Qf2 Nxe5
22. Nb5 Rg8 23. Bg5 Rxg5 24. Nxd6+ Kf8 25. Qxh4 Rxg2 26. Qxd8+ Rxd8 27. Kxg2
Bxf5 28. Nxf5 c4 29. Ra3 Rd5 30. Kg3 cxd3 31. cxd3 Nxd3 32. Rxd3 Rxf5 33. Rxd4
b5 34. b3 bxa4 35. bxa4 Rc5 36. h4 Kg7 37. Kg4 Kg6 38. Rd6+ f6 39. Ra6 Rc4+ 40.
Kg3 Rc3+ 41. Kf2 Rc7 42. Ke3 Rh7 43. Ra5 Rxh4 44. Rxa7 Kf5 45. a5 Ra4 46. a6 Ke5
47. Ra8 Kd6 48. a7 Kc7 49. Rf8 Rxa7 50. Rf7+ Kb6 51. Rxa7 Kxa7 52. Kf4 f5 53.
Kxf5 1/2-1/2

[Event "Aimchess US Rapid Prelim"]
[Site "chess24.com INT"]
[Date "2021.08.28"]
[Round "4.2"]
[White "Le, Quang Liem"]
[Black "So, Wesley"]
[Result "1/2-1/2"]
[WhiteTitle "GM"]
[BlackTitle "GM"]
[WhiteElo "2709"]
[BlackElo "2772"]
[WhiteFideId "12401137"]
[BlackFideId "5202213"]
[EventDate "2021.08.28"]

1. d4 Nf6 2. c4 e6 3. Nf3 d5 4. Nc3 Be7 5. Bf4 O-O 6. e3 Nbd7 7. Be2 dxc4 8. O-O
c5 9. dxc5 Nxc5 10. Bxc4 Qxd1 11. Rfxd1 b6 12. Bd6 Bxd6 13. Rxd6 Bb7 14. Rad1
Bxf3 15. gxf3 Nb7 16. R6d4 Rfd8 17. f4 Kf8 18. Be2 Rxd4 19. Rxd4 Rc8 20. Bf3 Nc5
21. Nb5 a5 22. Na7 Rc7 23. Nc6 Rd7 24. Rxd7 Nfxd7 25. Kf1 Nd3 26. b3 Nc1 27. b4
Nxa2 28. bxa5 bxa5 29. Nxa5 Nc5 30. Nc4 Ke7 31. Bd1 Nb4 32. Ke2 h6 33. h4 Ne4
34. Bb3 f6 35. Nd2 Nc3+ 36. Kf1 Nd3 37. Bc2 Nb4 38. Bb3 Nd3 39. Bc2 Nb4 40. Bb3 1/2-1/2

[Event "Aimchess US Rapid Prelim"]
[Site "chess24.com INT"]
[Date "2021.08.28"]
[Round "4.4"]
[White "Naroditsky, Daniel"]
[Black "Van Foreest, Jorden"]
[Result "1-0"]
[WhiteTitle "GM"]
[BlackTitle "GM"]
[WhiteElo "2623"]
[BlackElo "2698"]
[WhiteFideId "2026961"]
[BlackFideId "1039784"]
[EventDate "2021.08.28"]

1. Nf3 d5 2. e3 Nf6 3. c4 e6 4. Nc3 c5 5. cxd5 exd5 6. d4 Nc6 7. Be2 Bd6 8. dxc5
Bxc5 9. O-O O-O 10. b3 a6 11. Bb2 Ba7 12. Rc1 Bg4 13. Nd4 Bxd4 14. Bxg4 Be5 15.
Bf3 Qd6 16. g3 Rad8 17. Bg2 d4 18. Ne4 Nxe4 19. Bxe4 Qh6 20. Qf3 Rd6 21. Bxc6
bxc6 22. exd4 Bxd4 23. Bxd4 Rxd4 24. Rxc6 Rd6 25. Rxd6 Qxd6 26. Rd1 Qa3 27. Qe2
g6 28. Kg2 h5 29. h4 a5 30. Rd5 Qb4 31. Qd2 Re8 32. Qxb4 axb4 33. Kf3 Kg7 34.
Rd4 Ra8 35. Rd2 Kf6 36. Ke3 Ke5 37. Kd3 Rd8+ 38. Kc2 Rc8+ 39. Kb2 f6 40. Rc2 Rb8
41. Rc4 Kd5 42. a4 bxa3+ 43. Kxa3 Re8 44. Kb2 g5 45. Kc3 Re2 46. Rd4+ Kc6 47.
Rd2 Re4 48. Kd3 Rb4 49. Kc3 Re4 50. hxg5 fxg5 51. Kd3 Rb4 52. Rc2+ Kd5 53. Kc3
Re4 54. Ra2 Rg4 55. Ra5+ Kd6 56. Ra6+ Kd5 57. Rg6 Ke5 58. b4 Kf5 59. Rg8 h4 60.
gxh4 gxh4 61. Rh8 Ke5 62. b5 Kd6 63. b6 Kc6 64. Rh6+ Kb7 65. Kd3 Ra4 66. f3 Rb4
67. Ke3 Rxb6 68. Rxb6+ Kxb6 69. Kf4 Kc5 70. Kg4 1-0